Normal view
MARC view
- Modern algebra and trigonometry
Entry Topical Term
001 - CONTROL NUMBER
- control field: 102640
003 - CONTROL NUMBER IDENTIFIER
- control field: NUST
005 - DATE AND TIME OF LATEST TRANSACTION
- control field: 20221115124815.0
008 - FIXED-LENGTH DATA ELEMENTS
- fixed length control field: 221115|| aca||aabn | a|a d
040 ## - CATALOGING SOURCE
- Original cataloging agency: NUST
- Transcribing agency: NUST
150 ## - HEADING--TOPICAL TERM
- Topical term or geographic name entry element: Modern algebra and trigonometry
670 ## - SOURCE DATA FOUND
- Source citation: Work cat.: (NUST)182110: Vance, Elbridge Putnam 39135, Modern algebra and trigonometry / , [1968]
